Power Plant System Design / (Record no. 15153)
[ view plain ]
| 000 -LEADER | |
|---|---|
| fixed length control field | 00704pam a2200229 a 4500 |
| 001 - CONTROL NUMBER | |
| control field | 2842374 |
| 005 - DATE AND TIME OF LATEST TRANSACTION | |
| control field | 20130325122311.0 |
| 008 - FIXED-LENGTH DATA ELEMENTS--GENERAL INFORMATION | |
| fixed length control field | 840927s1985 nyua b 001 0 eng |
| 010 ## - LIBRARY OF CONGRESS CONTROL NUMBER | |
| LC control number | 84022177 |
| 020 ## - INTERNATIONAL STANDARD BOOK NUMBER | |
| International Standard Book Number | 0471888478 |
| 020 ## - INTERNATIONAL STANDARD BOOK NUMBER | |
| International Standard Book Number | 9780471888475 |
| 082 00 - DEWEY DECIMAL CLASSIFICATION NUMBER | |
| Classification number | 621.3121 |
| Edition number | 22 |
| Item number | LIP |
| 100 1# - MAIN ENTRY--PERSONAL NAME | |
| Personal name | Li, Kam W. |
| 9 (RLIN) | 23231 |
| 245 10 - TITLE STATEMENT | |
| Title | Power Plant System Design / |
| Statement of responsibility, etc | Kam W. Li, A. Paul Priddy. |
| 260 ## - PUBLICATION, DISTRIBUTION, ETC. (IMPRINT) | |
| Place of publication, distribution, etc | New York : |
| Name of publisher, distributor, etc | Wiley, 1985 |
| Date of publication, distribution, etc | c1985. |
| 300 ## - PHYSICAL DESCRIPTION | |
| Extent | x, 641 p. : |
| Other physical details | ill. ; |
| Dimensions | 24 cm. |
| 504 ## - BIBLIOGRAPHY, ETC. NOTE | |
| Bibliography, etc | Includes bibliographical references and index. |
| 650 #0 - SUBJECT ADDED ENTRY--TOPICAL TERM | |
| Topical term or geographic name as entry element | Electric power-plants |
| General subdivision | Design and construction. |
| 9 (RLIN) | 23232 |
| 653 ## - INDEX TERM--UNCONTROLLED | |
| Resource For college | |
| Arrived date list | March2013 |
| 700 1# - ADDED ENTRY--PERSONAL NAME | |
| Personal name | Priddy, A. Paul. |
| 9 (RLIN) | 23233 |
| 942 ## - ADDED ENTRY ELEMENTS (KOHA) | |
| Source of classification or shelving scheme | Dewey Decimal Classification |
| Item type | Book - Borrowing |
| Withdrawn status | Item status | Source of classification or shelving scheme | Damaged status | Not for loan | Vendor | Home library | Current library | Shelving location | Date acquired | Source of acquisition | Cost, normal purchase price | Total Checkouts | Total Renewals | Full call number | Barcode | Date last seen | Date last borrowed | Koha item type |
|---|---|---|---|---|---|---|---|---|---|---|---|---|---|---|---|---|---|---|
| Dewey Decimal Classification | Baccah | Central Library | Central Library | First floor | 20/04/2011 | 990.00 | 3 | 11 | 621.3121 LIP | 000023315 | 15/07/2025 | 04/01/2015 | Book - Borrowing | |||||
| Dewey Decimal Classification | Baccah | Central Library | Central Library | First floor | 20/04/2011 | 990.00 | 621.3121 LIP | 000023316 | 15/07/2025 | NB - Book (Non borrowing) | ||||||||
| Dewey Decimal Classification | Baccah | Central Library | Central Library | First floor | 25/03/2013 | 2 | 23 | 621.3121 LIP | 000028611 | 15/07/2025 | 19/02/2017 | Book - Borrowing |